Репозиционирование. Бизнес в эпоху конкуренции, перемен и кризиса: пер. с англ.

Detalles Bibliográficos
Autor Principal: Траут Дж.  Джек
Outros autores: Ривкин С. Стив
Summary:Одна из предыдущих книг Джека Траута — «Позиционирование: битва за умы» — была включена в число 100 лучших изданий по бизнесу всех времен. И хотя идея позиционирования продолжает занимать важное место в жизни компаний, настало время рассмотреть новую концепцию — репозициони-рование, наиболее актуальную в настоящих условиях рынка. На то есть три причины — жесткая конкуренция, постоянно меняющаяся бизнес-среда и кризис. В новой книге легендарный Джек Траут предлагает «абсолютное оружие», показывая на фактах, как репозиционирование может увеличить сбыт товара или услуги, изменить их ценность в глазах потребителя или поменять позиции конкурентов. Книга позволит по-новому взглянуть на современный бизнес, укрепить рыночные позиции, найти новые подходы к умам потребителей и расширить границы бизнеса. В издании представлено множество современных примеров из практики известных компаний.
Idioma:ruso
Publicado: СПб., Питер, 2010
Series:Деловой бестселлер
Subjects:
Formato: Libro
KOHA link:https://koha.lib.tpu.ru/cgi-bin/koha/opac-detail.pl?biblionumber=179144

MARC

LEADER 00000nam0a2200000 4500
001 179144
005 20231101223445.0
010 |a 9785498076409 
035 |a (RuTPU)RU\TPU\book\194206 
090 |a 179144 
100 |a 20100415d2010 km y0rusy50 ca 
101 1 |a rus  |c eng 
102 |a RU 
105 |a y z 000zy 
200 1 |a Репозиционирование. Бизнес в эпоху конкуренции, перемен и кризиса  |e пер. с англ.  |f Дж.  Траут, С. Ривкин 
210 |a СПб.  |c Питер  |d 2010 
215 |a 256 с. 
225 1 |a Деловой бестселлер 
330 |a Одна из предыдущих книг Джека Траута — «Позиционирование: битва за умы» — была включена в число 100 лучших изданий по бизнесу всех времен. И хотя идея позиционирования продолжает занимать важное место в жизни компаний, настало время рассмотреть новую концепцию — репозициони-рование, наиболее актуальную в настоящих условиях рынка. На то есть три причины — жесткая конкуренция, постоянно меняющаяся бизнес-среда и кризис. В новой книге легендарный Джек Траут предлагает «абсолютное оружие», показывая на фактах, как репозиционирование может увеличить сбыт товара или услуги, изменить их ценность в глазах потребителя или поменять позиции конкурентов. Книга позволит по-новому взглянуть на современный бизнес, укрепить рыночные позиции, найти новые подходы к умам потребителей и расширить границы бизнеса. В издании представлено множество современных примеров из практики известных компаний. 
606 1 |a Маркетинг  |2 stltpush  |3 (RuTPU)RU\TPU\subj\41036  |9 60857 
610 1 |a экономика 
610 1 |a конкуренция 
610 1 |a кризис 
610 1 |a изменения 
610 1 |a позиционирование 
610 1 |a репозиционирование 
686 |a У821.4  |v LBC/SL-A  |2 rubbk 
700 1 |a Траут  |b Дж.   |g Джек 
701 1 |a Ривкин  |b С.  |g Стив 
801 1 |a RU  |b 63413507  |c 20100415 
801 2 |a RU  |b 63413507  |c 20120615  |g RCR 
942 |c BK 
959 |a 9/20100301  |d 1  |e 189,00  |f ЧЗГЛ:1